00418nam a2200121Ia 4500008004000000020001800040082001300058100001300071245003700084260002900121300001100150650013500161210210b2005 xxu||||| |||| 00| 0 eng d a1 56549 101 7 a301 CIVC aCIVICUS. aCivil society at the millennium. aNDbKumarian Pressc2005 axi,211 aCitizens Volunteering Indigenous Peoples Women Youth Empowerment Sustainable Development Religion Governance Poverty Globalization